00545nam a2200157 a 45000010005000000030005000050050017000100080041000270400020000681000039000882450118001272600020002459420008002659990015002739520099002881972CDMR20130116135222.0130130s1969||||||||||||||||||||||||||||d aCDMRbcatcCDMR1 aDomingo Pamies, José Oriol9147513aLa cuestión social y la ortodoxia católica en el Dr. Angel Carbonell (1877-1940)cJosé-Oriol Domingo Pamies aBarcelonac1969 cTSN c1972d1972 001040708ESC_PaCDMRbCDMRd2013-01-16l0oTb 46pCDMR13097300r2013-01-16w2013-01-16yTSN